| 000 | 00859nam a2200217 i 4500 | ||
|---|---|---|---|
| 001 | 84650 | ||
| 003 | ES-MaACL | ||
| 005 | 20250822063134.0 | ||
| 007 | t| | ||
| 008 | 041123s1948 sp ||||1| spa d | ||
| 100 | 1 |
_aJansà Guardiola, Josep Maria, _d1901-1994 _966050 |
|
| 245 | 1 | 3 |
_aLa dinámica aparente de la Metereología sinóptica / _cpor José Mª Jansá Guardiola. |
| 260 |
_aMadrid : _bSección de Predicción, _c1948 ( _fGráf. Huérfanos Ejército del Aire) |
||
| 300 |
_a26 p. ; _c24 cm. |
||
| 490 | 1 |
_aSerie A. Memorias ; _v19 |
|
| 500 | _aPrecede al tít.: Ministerio del Aire. Dirección General de Protección de Vuelo. Servicio Meteorológico Nacional. | ||
| 710 | 1 |
_aEspaña. _bMinisterio del Aire _93938 |
|
| 830 | 0 |
_aSerie A. Memorias ; _v19 _9231672 |
|
| 852 |
_aES-MaACL _j1893-F-18 _bR.26996 |
||
| 999 |
_c84650 _d84650 |
||